Saint-Christophe et Niévès pour les touristes... - Facile - Statistiques

Statistiques générales
  • Ce quiz a été pris 3 fois
  • Le résultat moyen est 8 sur 20
Statistiques - réponses
Question Indice Réponses Version facile % Correct
Combien d'heures (environ) mettrez-vous pour vous y rendre ? (en chiffres) 13
100%
Dans la capitale quel est le décalage horaire avec Paris ? (+ ou - et chiffre) ex - 10 - 6
100%
Quelle est la langue officielle ? Anglais
100%
Avez-vous besoin d'un visa ? (oui/non) Non
100%
Quel est le climat local ? T Tropical
100%
Achats à faire 1/ Tissu à encadrer Batik TIBAK
67%
La conduite se fait à droite ou à gauche ? Gauche
67%
Quelles sont les principaux lieux touristiques ? P Plage de {Pinney} PINNEY
67%
Achats à faire 2/ Alcool Rhum MURH
67%
La religion majoritaire est Catholicisme
33%
La vitesse est limitée hors des villes à {65} km/h
0%
Le principal aéroport est B Basseterre
0%
Quelles sont les principaux lieux touristiques ? B Basseterre
0%
Quelles sont les principaux lieux touristiques ? T Colline {Timothy} MYTHOIT
0%
Quelle est la monnaie ? Dollar des Caraïbes orientales $
0%
Le suffixe internet est kn
0%
Quelles sont les principaux lieux touristiques ? R Manoir {Romney} MORNEY
0%
Quelles sont les principaux lieux touristiques ? L Mont {Llamulga} GLALLUMA
0%
Quelles sont les principaux lieux touristiques ? B H Parc national de {Brimstone hill} NOMBRILISTEHL
0%
Comment se nomme la principale compagnie aérienne locale U A United Airlines ULTRADIENNESII
0%
Aucun quiz correspondant
Distribution des résultats
% des personnes avec chaque résultat
Percentile par nombre de réponses
Votre historique - résultats
Vous n’avez pas pris ce quiz